000 01111nam a22002777a 4500
999 _c63993
_d63993
005 20240530110709.0
008 180128s2015 ua g b 000 0 ara d
017 _a2014/11975
_bمصر. دار الكتب
020 _a9789777610230
040 _aEG-CaGPL
_cEG-CaGPL
082 0 4 _221
_a341.55 /
_bم ح
100 0 _aمحمد محمود منطاوى
245 1 0 _aحقوق المتهم :
_bوفق معايير القانون الدولى والفقة الاسلامى /
_cمحمد محمود منطاوى
250 _aط.1
260 _aالقاهرة :
_bالمركز القومى للاصدارات القانونية،
_c2015.
300 _a239 ص. ؛
_c24 سم.
504 _aيشتمل على ارجاعات ببليوجرافية
650 0 7 _2qrmak
_aالمحاكم
650 0 7 _2qrmak
_aالاجراءات المدنية
650 0 7 _2qrmak
_aالقانون الدولى
650 0 7 _2qrmak
_aالجريمة والمجرمون
650 0 7 _2qrmak
_aالجريمة والمجرمون
_xالتحقيق
651 _2qrmak
942 _2ddc
_cBK